书目信息 |
| 题名: |
山水之间帝王家
|
|
| 作者: | 姜青青, 著 | |
| 分册: | ||
| 出版信息: | 杭州 杭州出版社 2020.09 |
|
| 页数: | 310页 | |
| 开本: | 24cm | |
| 丛书名: | 杭州优秀传统文化丛书 | |
| 单 册: | ||
| 中图分类: | K245.09 | |
| 科图分类: | ||
| 主题词: | 南宋--nan song--古代史--通俗读物 | |
| 电子资源: | ||
| ISBN: | 978-7-5565-1357-4 | |
| 000 | 01072nam 2200277 450 | |
| 001 | CAL 0120203107080 | |
| 005 | 20230217093112.0 | |
| 010 | @a978-7-5565-1357-4@dCNY48.00 | |
| 100 | @a20201217d2020 em y0chiy0120 ea | |
| 101 | 0 | @achi |
| 102 | @aCN@b330000 | |
| 105 | @aa a 000yy | |
| 106 | @ar | |
| 200 | 1 | @a山水之间帝王家@Ashan shui zhi jian di wang jia@f姜青青著 |
| 210 | @a杭州@c杭州出版社@d2020.09 | |
| 215 | @a310页@c彩图@d24cm | |
| 225 | 2 | @a杭州优秀传统文化丛书@Ahang zhou you xiu chuan tong wen hua cong shu |
| 314 | @a姜青青, 高级编辑。曾任杭州日报报业集团编委, 现为杭州市社会科学院南宋史研究中心兼职研究员。 | |
| 320 | @a有书目 (第307-310页) | |
| 330 | @a本书内容包括: 南渡: 赵宋政权的生死挣扎 ; 立足: 筑巢凤山的地利人和 ; 营建: 草创时期的厉行节俭 ; 流变: 营造法式的薪火相传 ; 文治: 集聚英才的文化高地等。 | |
| 410 | 0 | @12001 @a杭州优秀传统文化丛书 |
| 606 | 0 | @a南宋@Anan song@x古代史@j通俗读物 |
| 690 | @aK245.09@v5 | |
| 701 | 0 | @a姜青青,@Ajiang qing qing@f1960-@4著 |
| 801 | 0 | @aCN@bBJXHZP@c20230228 |
| 905 | @b1397606-9@dK245.09@e58@f4 | |
| 山水之间帝王家/姜青青著.-杭州:杭州出版社,2020.09 |
| 310页:彩图;24cm.-(杭州优秀传统文化丛书) |
| ISBN 978-7-5565-1357-4:CNY48.00 |
| 本书内容包括: 南渡: 赵宋政权的生死挣扎 ; 立足: 筑巢凤山的地利人和 ; 营建: 草创时期的厉行节俭 ; 流变: 营造法式的薪火相传 ; 文治: 集聚英才的文化高地等。 |
| ● |
| 相关链接 |
|
|
|
|
正题名:山水之间帝王家
索取号:K245.09/58
 
预约/预借
| 序号 | 登录号 | 条形码 | 馆藏地/架位号 | 状态 | 备注 |
| 1 | 1397606 | 213976063 | 第二样本阅览室/ [索取号:K245.09/58] | 在馆 | |
| 2 | 1397607 | 213976072 | 第二借阅区/ [索取号:K245.09/58] | 在馆 | |
| 3 | 1397608 | 213976081 | 第二借阅区/ [索取号:K245.09/58] | 在馆 | |
| 4 | 1397609 | 213976090 | 第二借阅区/ [索取号:K245.09/58] | 在馆 |